000 00307nam a22001337a 4500
008 210304b ||||| |||| 00| 0 eng d
020 _a9780030764813
041 _aeng
080 _22nd
_a33
100 _a58
101 _aBIZ
245 _aFoundations of Business Systems
_cFlaatten,O.P
942 _2udc
_cBK
999 _c55725
_d55725